effectiveness of duck manure on growth and yield of green mustard (ប្រសិទ្ធភាពជីលាមកទាលើការលូតលាស់ និង ទិន្នផលដំណាំស្ពៃខៀវ) (Record no. 1034)
[ view plain ]
| 000 -LEADER | |
|---|---|
| fixed length control field | 00679nam a22001577a 4500 |
| 003 - CONTROL NUMBER IDENTIFIER | |
| control field | OSt |
| 005 - DATE AND TIME OF LATEST TRANSACTION | |
| control field | 20200608090701.0 |
| 008 - FIXED-LENGTH DATA ELEMENTS--GENERAL INFORMATION | |
| fixed length control field | 150922b xxu||||| |||| 00| 0 eng d |
| 040 ## - CATALOGING SOURCE | |
| Transcribing agency | RUA |
| 082 ## - DEWEY DECIMAL CLASSIFICATION NUMBER | |
| Classification number | AGR PEN 2010 B045 Or.1 |
| Edition number | https://drive.google.com/file/d/17GMeb055eman0Vk01rBNT1-HGHPbmoCs/view?usp=sharing |
| 100 ## - MAIN ENTRY--PERSONAL NAME | |
| 9 (RLIN) | 1080 |
| Personal name | PEN, POLINE. |
| 245 ## - TITLE STATEMENT | |
| Title | effectiveness of duck manure on growth and yield of green mustard (ប្រសិទ្ធភាពជីលាមកទាលើការលូតលាស់ និង ទិន្នផលដំណាំស្ពៃខៀវ) |
| 260 ## - PUBLICATION, DISTRIBUTION, ETC. (IMPRINT) | |
| Place of publication, distribution, etc. | Phnom Penh |
| Name of publisher, distributor, etc. | RUA |
| Date of publication, distribution, etc. | 2010 |
| 300 ## - PHYSICAL DESCRIPTION | |
| Extent | xi, 42p. |
| Other physical details | ill. |
| Dimensions | 29cm. |
| 942 ## - ADDED ENTRY ELEMENTS (KOHA) | |
| Source of classification or shelving scheme | |
| Koha item type | AGR |
| Price effective from | Date last seen | Permanent Location | Not for loan | Date acquired | Source of classification or shelving scheme | Koha item type | Lost status | Withdrawn status | Total Renewals | Date last checked out | Total Checkouts | Shelving location | Damaged status | Barcode | Current Location | Full call number |
|---|---|---|---|---|---|---|---|---|---|---|---|---|---|---|---|---|
| 2015-09-22 | 2016-08-31 | Library Block B | 2015-09-22 | AGR | 2016-04-20 | 1 | B045 | RUA006350 | Library Block B | AGR PEN 2010 B045 Or.1 | ||||||
| 2015-09-22 | 2024-08-07 | Library Block B | 2015-09-22 | AGR | 2024-06-28 | 2 | B045 | RUA006569 | Library Block B | AGR PEN 2010 B045 Or.2 | ||||||
| 2015-09-22 | 2023-08-15 | Library Block B | 2015-09-22 | AGR | 3 | 2023-08-08 | 10 | B045 | RUA000802 | Library Block B | AGR PEN 2010 B045 Or.3 | |||||
| 2015-09-22 | 2022-12-30 | Library Block B | 2015-09-22 | AGR | 1 | 2022-11-22 | 6 | B045 | RUA006681 | Library Block B | AGR PEN 2010 B045 Or.4 | |||||
| 2015-09-22 | 2022-10-14 | Library Block B | 2015-09-22 | AGR | 1 | 2022-10-12 | 9 | B045 | RUA006923 | Library Block B | AGR PEN 2010 B045 Or.5 | |||||
| 2015-09-22 | 2023-08-16 | Library Block B | 2015-09-22 | AGR | 2 | 2023-08-04 | 6 | B045 | RUA006703 | Library Block B | AGR PEN 2010 B045 Or.6 | |||||
| 2015-09-29 | 2022-08-24 | Library Block B | 2015-09-29 | AGR | 3 | 2022-08-05 | 13 | B045 | RUA018845 | Library Block B | AGR PEN 2010 B045 Or.7 |